Tafeln der mathematischen Statistik
Gespeichert in:
| 1. Verfasser: | |
|---|---|
| Weitere Verfasser: | , |
| Format: | Buch |
| Sprache: | Deutsch |
| Veröffentlicht: |
Leipzig
Fachbuchverlag
1979
|
| Ausgabe: | 3. verb. Aufl. |
| Tags: |
Keine Tags, Fügen Sie das erste Tag hinzu!
|
MARC
| LEADER | 00000nam a2200000 4500 | ||
|---|---|---|---|
| 001 | 0223051 | ||
| 005 | 20240822101702.9 | ||
| 041 | 0 | |a ger | |
| 044 | |a DE | ||
| 245 | 1 | 0 | |a Tafeln der mathematischen Statistik |c Heinz Müller, Peter Neumann, Regina Storm |
| 250 | |a 3. verb. Aufl. | ||
| 264 | 1 | |a Leipzig |b Fachbuchverlag |c 1979 | |
| 300 | |a 276 s. | ||
| 100 | 1 | |a Müller, Heinz | |
| 700 | 1 | |a Neumann, Peter | |
| 700 | 1 | |a Storm, Regina | |